000 00556nam a2200169 a 4500
001 000040667
005 20201002034305.0
008 130905s2009 sp 000 0 spa d
020 _a9788432313820
040 _aDO-SdBNP
_bspa
_cBNPHU
245 0 0 _aIberoamérica 2020 :
_bretos ante la crisis. /
_ceditor Felipe González.
260 _aMadrid :
_bFundación Carolina
_bSiglo Veintiuno,
_c2009.
300 _a407 p. ;
_c26 cm.
500 _aIncluye notas al pie de las páginas
504 _aBibliografía : p. 407
700 1 _aGonzález, Felipe
_eed.
_967033
999 _c40157
_d40157